000 01185cam a22002054a 4500
005 20250605164117.0
008 250528s ||||||||||||||||||||||||d
035 _a18117
020 _a130065781
040 _aGR-AtMCL
_bgre
_dGR-AtMCL
_eAACR2
245 1 _aAdvances in Object-Oriented Software Engineering
260 _bPrentice Hall,
_c1992
300 _a216
520 _aThis book provides both practitioners and researchers with a clear, up-to-date view of the state-of-art in Object-Oriented Software Engineering. Foreword, Design by Contract, The New Culture of Software Development: Reflections on the practice of object-oriented design, An Object-Oriented Approach to Domain Analysis, Active Software in a Knowledge-Based Lifecycle Support Environment, On Eclectic Specification Environments, Distributed Software Design Techniques, A Tour of Hybrid: A Language for Programming with Active Objects, An Object-Based Architecture for Real-Time Applications, A Development in Eiffel: Design and Implementation of a Network Simulator, References.
700 1 _aMandrioli Dino
_94408
700 1 _aMeyer Bertrand
_94404
942 _cBK
999 _c3500
_d3500